| 000 | nam a22 a 4500 | ||
|---|---|---|---|
| 999 |
_c4425 _d4425 |
||
| 003 | AKMAL | ||
| 005 | 20170530093509.0 | ||
| 008 | 170530s1996 my | e l 000 0 may d | ||
| 020 |
_a96789077041 _qpaperback |
||
| 040 | _cAKMAL | ||
| 082 | 0 | 4 |
_a347.595052 AKT _222 |
| 090 | 0 | 0 |
_a347.595052 _bAKT |
| 110 | 1 |
_aMalaysia, _ejurisdiction governed. _9400 |
|
| 245 | 1 | 0 |
_aAKTA HAD MASA 1953 (AKTA 254) _bLIMITATION ACT 1953 (ACT 254) : (HINGGA 15HB Jun 1996) / _cDisusun oleh: Lembaga Penyelidikan Undang-Undang |
| 246 | 3 | 1 | _aLimitation Act 1953 (Act 254) |
| 264 | 1 |
_aPetaling Jaya : _bInternational Law Book Services, _c1996 |
|
| 300 |
_a61 pages ; _c24 cm. |
||
| 336 |
_atext _2rdacontent |
||
| 337 |
_aunmediated _2rdamedia |
||
| 338 |
_avolume _2rdacarrier |
||
| 490 | 1 | _aUNDANG-UNDANG MALAYSIA | |
| 546 | _aTeks sejajar bahasa Malaysia dan Inggeris | ||
| 650 | 1 | 0 |
_aLimitation of actions _zMalaysia _98590 |
| 650 | 2 | 0 |
_aTime (Law) _zMalaysia _98591 |
| 710 | 2 |
_aLembaga Penyelidikan Undang-Undang, _eeditor of compilation. _98592 |
|
| 830 | 0 |
_aUNDANG-UNDANG MALAYSIA _98593 |
|
| 942 |
_2ddc _cBOOK |
||